Hội thảo quốc tế Asean: bốn mươi năm nhìn lại và hướng tới Asean in its fortieth year: looking back and looking forward
保存先:
| 団体著者: | |
|---|---|
| フォーマット: | 図書 |
| 言語: | Vietnamese |
| 出版事項: |
Hà Nội
Đại học khoa học xã hội và nhân văn
2007
|
| 主題: | |
| タグ: |
タグ追加
タグなし, このレコードへの初めてのタグを付けませんか!
|
| Thư viện lưu trữ: | Trung tâm Học liệu Lê Vũ Hùng, Trường Đại học Đồng Tháp |
|---|
| LEADER | 00967pam a22002538a 4500 | ||
|---|---|---|---|
| 001 | 00041783 | ||
| 005 | 20180731100757.0 | ||
| 008 | 121120s1999 ||||||viesd | ||
| 041 | 0 | # | |a vie |
| 082 | 1 | 4 | |a 330.959 |b H452TH |
| 110 | 1 | # | |a Đại học quốc gia Hà Nội |b Trường đại học khoa học xã hội và nhân văn |
| 245 | 0 | 0 | |a Hội thảo quốc tế Asean: bốn mươi năm nhìn lại và hướng tới |b Asean in its fortieth year: looking back and looking forward |
| 260 | # | # | |a Hà Nội |b Đại học khoa học xã hội và nhân văn |c 2007 |
| 300 | # | # | |a 347 tr. |c 30cm. |
| 653 | # | # | |a Asean |
| 653 | # | # | |a Bài viết |
| 653 | # | # | |a Đông Nam Á |
| 653 | # | # | |a Chính trị |
| 653 | # | # | |a Kinh tế |
| 653 | # | # | |a Ngoại giao |
| 653 | # | # | |a Phát triển |
| 852 | # | # | |j KD.0024527 |
| 910 | |d 31/07/2018 | ||
| 980 | # | # | |a Trung tâm Học liệu Lê Vũ Hùng, Trường Đại học Đồng Tháp |